Estadísticas para Cabos de la Península Ibérica

Haz click aquí para intentar la prueba.

Estadísticas generales

  • Esta prueba ha sido intentada 11 veces
  • La puntuación promedio es 7 de 22

Estadísticas de respuestas

UbicacionesCabos Ibéricos% Correcto
Costa de AlmeríaCabo de Gata
80%
Rías Baixas (punto mas Occidental de España)Cabo Fisterre / Finisterre
80%
Costa CálidaCabo de Palos
70%
Rías Altas (punto mas Septentrional de la Penísula y de España)Punta Estaca de Bares
60%
Costa CántabraCabo de Ajo
40%
Rías Altas (Separa el Mar Cantábrico y el Océano Atlántico)Cabo Ortegal
40%
Costa Brava (punto mas Oriental de la Península y de España)Cap de Creus / Cabo de Creus
40%
Costa de la Luz (punto mas Meridional de la Península y de España, separa el Océano Atlántico y el Mar Mediterráneo)Punta de Tarifa
40%
Costa da Prata (punto mas Occidental de la Península y de Portugal)Cabo da Roca
30%
Costa VerdeCabo de Peñas
30%
Costa VicentinaCabo de Sao Vicente / San Vicente
30%
Costa de la LuzCabo de Trafalgar
30%
Euskal Kostaldea / Costa de EuskadiCabo Matxitxaco / Machichaco
30%
Costa Blanca / Costa del AzaharCap de la Nao / Cabo de La Nao
30%
Costa TropicalCabo Sacratif
20%
Costa BlancaCabo de la Huerta
10%
Costa de la LuzCabo de Roche
10%
Algave (punto mas meridional de Portugal)Cabo de Santa María
10%
Costa DauradaCap de Salou / Cabo de Salou
10%
Costa del Azahar / Costa Daurada (Delta del Ebro)Cap de Tortosa/Cabo de Tortosa
10%
GibraltarEuropa Point
10%
Costa AzulCabo Espichel
0%

Distribución de puntuación

Porcentaje por número respondido

Porcentaje de gente con cada puntuación

Historial de tus puntuaciones

No has intentado esta prueba.